Development and faith : (Record no. 296)

MARC details
000 -LEADER
fixed length control field 01425cam a2200373 a 4500
001 - CONTROL NUMBER
control field 14867716
003 - CONTROL NUMBER IDENTIFIER
control field GBCCL
005 - DATE AND TIME OF LATEST TRANSACTION
control field 20241126110335.0
008 - FIXED-LENGTH DATA ELEMENTS--GENERAL INFORMATION
fixed length control field 070529s2007 dcua b i001 0 eng
010 ## -
-- 2007022164
020 ## - INTERNATIONAL STANDARD BOOK NUMBER
International Standard Book Number 9780821371732 (pbk. : alk. paper)
020 ## - INTERNATIONAL STANDARD BOOK NUMBER
International Standard Book Number 0821371738 (pbk. : alk. paper)
020 ## - INTERNATIONAL STANDARD BOOK NUMBER
International Standard Book Number 9780821371749
020 ## - INTERNATIONAL STANDARD BOOK NUMBER
International Standard Book Number 0821371746
035 ## - SYSTEM CONTROL NUMBER
System control number (OCoLC)ocn145378686
035 ## - SYSTEM CONTROL NUMBER
System control number (OCoLC)145378686
040 ## - CATALOGING SOURCE
Original cataloging agency DLC
Transcribing agency DLC
Modifying agency C#P
-- BAKER
-- DLC
050 00 -
-- HD82
-- .M369 2007
082 00 - DEWEY DECIMAL CLASSIFICATION NUMBER
Classification number 201.76
Edition information 22
Item number MAR
100 1# - MAIN ENTRY--PERSONAL NAME
Personal name Marshall, Katherine,
Dates associated with a name 1947-
9 (RLIN) 237
245 10 - TITLE STATEMENT
Title Development and faith :
Remainder of title where mind, heart, and soul work together /
Statement of responsibility, etc. Katherine Marshall, Marisa Van Saanen.
260 ## - PUBLICATION, DISTRIBUTION, ETC.
Place of publication, distribution, etc. Washington D.C. :
Name of publisher, distributor, etc. World Bank,
Date of publication, distribution, etc. c2007.
300 ## - PHYSICAL DESCRIPTION
Extent xviii, 329 p. :
Other physical details ill. ;
Dimensions 23 cm.
504 ## - BIBLIOGRAPHY, ETC. NOTE
Bibliography, etc. note Includes bibliographical references (p. 315-317) and index.
650 #0 - SUBJECT ADDED ENTRY--TOPICAL TERM
Topical term or geographic name entry element Economic development
General subdivision Religious aspects.
9 (RLIN) 238
650 #0 - SUBJECT ADDED ENTRY--TOPICAL TERM
Topical term or geographic name entry element Religion and social problems.
9 (RLIN) 239
650 #0 - SUBJECT ADDED ENTRY--TOPICAL TERM
Topical term or geographic name entry element Poverty.
9 (RLIN) 240
700 1# - ADDED ENTRY--PERSONAL NAME
Personal name Van Saanen, Marisa Bronwyn.
9 (RLIN) 241
710 2# - ADDED ENTRY--CORPORATE NAME
Corporate name or jurisdiction name as entry element World Bank.
9 (RLIN) 242
856 41 - ELECTRONIC LOCATION AND ACCESS
Materials specified Table of contents only
Uniform Resource Identifier <a href="http://www.loc.gov/catdir/toc/ecip0719/2007022164.html">http://www.loc.gov/catdir/toc/ecip0719/2007022164.html</a>
906 ## - LOCAL DATA ELEMENT F, LDF (RLIN)
a 7
b cbc
c orignew
d 1
e ecip
f 20
g y-gencatlg
942 ## - ADDED ENTRY ELEMENTS (KOHA)
Source of classification or shelving scheme Dewey Decimal Classification
Koha item type Books
Holdings
Withdrawn status Lost status Source of classification or shelving scheme Damaged status Not for loan Home library Current Library Shelving location Date acquired Total checkouts Full call number Barcode Date last seen Copy number Price effective from Koha item type
    Dewey Decimal Classification     GRACE BIBLE COLLEGE GRACE BIBLE COLLEGE Philosophy and Religion 2016-10-17   201.76 MAR 007211 2025-05-01 c.1 2016-10-17 Books
© Grace Bible College Library 2025